UM Logo

Barangay: (Record no. 7288)

MARC details
000 -LEADER
fixed length control field 00574nam a22001697a 4500
008 - FIXED-LENGTH DATA ELEMENTS--GENERAL INFORMATION
fixed length control field 170816b xxu||||| |||| 00| 0 eng d
020 ## - INTERNATIONAL STANDARD BOOK NUMBER
International Standard Book Number 9715501354
082 ## - DEWEY DECIMAL CLASSIFICATION NUMBER
Edition number 1994
Classification number DFil 305.8009599
Item number Sc63
100 ## - MAIN ENTRY--PERSONAL NAME
9 (RLIN) 22121
Personal name Scott, William H.
245 ## - TITLE STATEMENT
Title Barangay:
Remainder of title sixteenth- century Philippine culture and society/
Statement of responsibility, etc. William H. Scott.
260 ## - PUBLICATION, DISTRIBUTION, ETC. (IMPRINT)
Place of publication, distribution, etc. Quezon City:
Name of publisher, distributor, etc. ADMU Press,
Date of publication, distribution, etc. c1994.
300 ## - PHYSICAL DESCRIPTION
Extent vii, 306 pages:
Other physical details illustrations;
Dimensions 23 cm.
500 ## - GENERAL NOTE
General note Includes bibliography and index.
650 #0 - SUBJECT ADDED ENTRY--TOPICAL TERM
9 (RLIN) 22122
Topical term or geographic name as entry element Ethnology - Philippines.
365 ## - TRADE PRICE
Price type code Php.
Price amount 434.50
942 ## - ADDED ENTRY ELEMENTS (KOHA)
Source of classification or shelving scheme Dewey Decimal Classification
Koha item type Filipiniana
Holdings
Withdrawn status Lost status Source of classification or shelving scheme Damaged status Not for loan Collection code Home library Current library Date acquired Source of acquisition Total Checkouts Full call number Barcode Date last seen Copy number Cost, replacement price Koha item type Price effective from
    Dewey Decimal Classification     Filipiniana UM Digos College - LIC UM Digos College - LIC 10/28/2003 Purchased   DFil 305.8009599 Sc63 1994 16289 05/15/2025 1 434.50 Filipiniana  
    Dewey Decimal Classification     Filipiniana UM Digos College - LIC UM Digos College - LIC 11/30/2004 Purchased   DFil 305.8009599 Sc63 1994 17967 05/15/2025 2   Filipiniana 08/16/2017